Vidyasagar educator, reformer and humanist (Record no. 391613)

000 -LEADER
fixed length control field 00383cam a22001217a 4500
008 - FIXED-LENGTH DATA ELEMENTS--GENERAL INFORMATION
fixed length control field 180718b1995 xxu||||| |||| 00| 0 eng d
082 ## - DEWEY DECIMAL CLASSIFICATION NUMBER
Classification number A99 V669/Ad42
100 ## - MAIN ENTRY--PERSONAL NAME
Personal name Adhikari, Santosh Kumar
245 ## - TITLE STATEMENT
Title Vidyasagar educator, reformer and humanist
Statement of responsibility, etc. by Santosh Kumar Adhikari
260 ## - PUBLICATION, DISTRIBUTION, ETC.
Place of publication, distribution, etc. Calcutta
Name of publisher, distributor, etc. Sahityika
Date of publication, distribution, etc. 1995
300 ## - PHYSICAL DESCRIPTION
Extent 152p.
650 ## - SUBJECT ADDED ENTRY--TOPICAL TERM
Topical term or geographic name entry element Vidyasagar, Iswar Chandra - Biography
Holdings
Withdrawn status Lost status Damaged status Not for loan Permanent Location Current Location Date acquired Full call number Barcode Date last seen Price effective from Koha item type
        Indian Institute of Public Administration Indian Institute of Public Administration 2000-03-25 A99 V669/Ad42 75033 2018-07-21 2018-07-21 Book

Powered by Koha